000 00357nam a2200145Ia 4500
008 150201s1994 xx 000 0 und d
082 _a611
_bR1994N
100 _aNEMA,H.V.
245 _aRECENT ADVANCE IN OPTHAMOLOGY -2
250 _a1ST
260 _bJAYPEE MEDICAL PUBLISHER
_aDELHI
_c1994
300 _a1-180
650 _aOPTHOMOLOGY
942 _2ddc
_cBK
999 _c3104
_d3104